000
00206nam a22000977a 4500
020
_a
9780545521420
100
_a
Jeff Hirsch
245
_a
The 39 Clues
260
_a
New York
_b
Scholastic
_c
2014
942
_c
BK
999
_c
265926
_d
265925